000 00709nam a2200265Ia 4500
003 OSt
005 20221006145444.0
006 a|||||r|||| 00| 0
007 ta
008 221006b |||||||| |||| 00| 0 eng d
020 _c17.00(each)
024 _a14,881
037 _cTextual
040 _aEASL
_cEASL
_beng
041 _2eng
_aeng
082 _aO41,3M99,1, M2-;3
100 _aSHE Lao Au.
_9654502
245 0 _aBeneath the red banner
260 _aBeijing
_bPanda Books China
_c1982
300 _a215p.
_ccm.
490 _v CEL
700 _a COHN Don J. Tr.
_9654503
942 _hO41,3M99,1, M2-;3
_cTEXL
_2CC
999 _c1082967
_d1082967